| Tag |
First Indicator |
Second Indicator |
Subfields |
| LEADER |
00000cam a2200000 i 4500 |
| 001 |
in00000021464 |
| 005 |
20151007062325.0 |
| 008 |
760816s1932 enk 00010 eng |
| 010 |
|
|
|a 32018550
|
| 035 |
|
|
|a (OCoLC)02377733
|
| 035 |
|
|
|9 AAD4559AM
|
| 040 |
|
|
|a DLC
|c WHE
|d TXA
|d UtOrBLW
|
| 049 |
|
|
|a TXAM
|v 1 [72299]
|v 2 [72300]
|
| 050 |
|
0 |
|a PR2965
|b .R3
|
| 082 |
0 |
|
|a 822.33
|
| 092 |
|
|
|a 822.33
|b DR1635
|
| 100 |
1 |
|
|a Ralli, Augustus,
|d 1875-
|
| 245 |
1 |
2 |
|a A history of Shakespearian criticism /
|c by Augustus Ralli.
|
| 264 |
|
1 |
|a London :
|b Oxford university press, H. Milford,
|c 1932.
|
| 300 |
|
|
|a 2 volumes ;
|c 23 cm.
|
| 336 |
|
|
|a text
|b txt
|2 rdacontent
|
| 337 |
|
|
|a unmediated
|b n
|2 rdamedia
|
| 338 |
|
|
|a volume
|b nc
|2 rdacarrier
|
| 500 |
|
|
|a "Aims to follow the course of aesthetic opinion on Shakespeare from his own time to the end of 1925 in England, France, and Germany."- volume 1, Pref.
|
| 600 |
1 |
0 |
|a Shakespeare, William,
|d 1564-1616
|x Criticism and interpretation
|x History.
|
| 600 |
1 |
0 |
|a Shakespeare, William,
|d 1564-1616
|x Appreciation
|z France.
|
| 600 |
1 |
0 |
|a Shakespeare, William,
|d 1564-1616
|x Appreciation
|z Germany.
|
| 999 |
|
|
|a MARS
|
| 999 |
f |
f |
|s 160993c2-d5ba-3dc4-b343-4155dd5b8034
|i 8d18f2e0-eee6-34e4-b1ec-4e4a32342ca1
|t 0
|
| 952 |
f |
f |
|p normal
|a Texas A&M University
|b College Station
|c Sterling C. Evans Library
|d Evans: Library Stacks
|t 0
|e PR2965 .R3
|h Library of Congress classification
|i unmediated -- volume
|k v.2
|m A14801306618
|
| 952 |
f |
f |
|p normal
|a Texas A&M University
|b College Station
|c Sterling C. Evans Library
|d Evans: Library Stacks
|t 0
|e PR2965 .R3
|h Library of Congress classification
|i unmediated -- volume
|k v.1
|m A14801306600
|
| 998 |
f |
f |
|a PR2965 .R3
|s v.1-v.2
|t 0
|l Evans: Library Stacks
|